| 000 | 01312nam a22003737a 4500 | ||
|---|---|---|---|
| 003 | CHAP | ||
| 005 | 20220329143611.0 | ||
| 008 | 100824s2009 mx a r 00010 eng d | ||
| 010 | _a99126 | ||
| 011 | _a100098 | ||
| 020 | _a9789706481689 | ||
| 035 | _a110784 | ||
| 040 | _cCHAP | ||
| 090 | _aFolleto 17748 | ||
| 100 | 1 |
_aSvitáková, Jirina. _9110835 |
|
| 245 | 1 | 0 |
_aImpacts of CIMMYT's international training linked to long - term trials in conservation agriculture: 1996 - 2006 _c/por Jirina Svitáková, Petr Kosina, Roberto La Rovere |
| 260 |
_aMéxico, D. F. : _bCIMMYT, _c2009 |
||
| 300 |
_a28 p. : _bilus., tablas |
||
| 590 |
_aBATCH-UPD _b10 _c20130110 _lUCH01 _h1100 |
||
| 590 |
_aBATCH-UPD _b10 _c20130410 _lUCH01 _h0653 |
||
| 590 |
_aBATCH-UPD _b10 _c20130914 _lUCH01 _h0840 |
||
| 590 |
_aBATCH-UPD _b10 _c20140805 _lUCH01 _h1149 |
||
| 590 |
_aCONVERSION _b10 _c20130109 _lUCH01 _h1355 |
||
| 650 | 1 | 4 |
_aAgricultura _xEstudio y ensenanza. _91474 |
| 650 | 1 | 4 |
_aAgricultura _xInvestigación. _91577 |
| 650 | 1 | 4 |
_aCapacitación. _918690 |
| 650 | 1 | 4 |
_aEducación agrícola. _935491 |
| 650 | 1 | 4 |
_aExtensión agrícola. _939144 |
| 700 | 1 |
_aKosina, Petr _963766 |
|
| 700 | 1 |
_aRovere La Roberto _9100340 |
|
| 901 | _aBK | ||
| 942 | _cFOLL | ||
| 949 |
_aFolleto 17748 _bBC _cFOLL _d33724002137207 _eTS1 _i110784 _sb |
||
| 999 |
_c99126 _d99126 |
||